| 000 | 00915nmm a2200277 a 4500 | ||
|---|---|---|---|
| 001 | ocm000561878 | ||
| 003 | TR-IsHL | ||
| 005 | 20201028121456.0 | ||
| 008 | 130705s2009 tu tur | ||
| 007 | cr cn | ||
| 020 | _a9789750816420 | ||
| 035 |
_a561878 _b(N$T) |
||
| 050 | 0 | 4 |
_aG420 _b.K73 2009 |
| 090 | 0 | 4 |
_aG420 _b.K73 2009 |
| 245 | 1 | 0 |
_aKral'ın La Boudeuse firkateyni ve L'Etoile yük gemisiyle dünyanın çevresinde yolculuk _h[electronic resource] / _cçev. Ömer Bozkurt |
| 250 | _a1 bs. | ||
| 260 |
_aİstanbul : _bYapı Kredi Kültür Sanat Yayıncılık, _c2009 |
||
| 300 | _a352 p. | ||
| 650 | 4 | _aTarih | |
| 650 | 4 | _aHistory | |
| 650 | 0 | _aYolculuklar, Dünya etrafında | |
| 650 | 0 | _aVoyages around the world | |
| 650 | 7 |
_aTRAVEL / General _2bisacsh |
|
| 700 | 1 | _aBozkurt, Ömer | |
| 856 | 4 | 0 | _uhttp://search.ebscohost.com/login.aspx?direct=true&scope=site&db=e011xww&AN=561878 |
| 999 |
_c1346 _d1346 |
||